000 00605nam a2200181Ia 4500
008 151202s9999||||xx |||||||||||||| ||und||
082 _bPNVM-73257
100 _aदवणे प्रवीण.
245 _aजेथे जातो तेथे.
260 _b"नवचैतन्य प्रकाशन,बोरोवली."
260 _c73257
300 _a168
600 _aदवणे प्रवीण.
630 _aजेथे जातो तेथे.
700 _aदवणे प्रवीण.
730 _aजेथे जातो तेथे.
942 _cBOOK
999 _c1339922
_d1339919